000 00582 a2200205 4500
001 61851
005 20260407155910.0
008 260407a1982 arg spa d
003 AR-UNSa-BCEJYS
040 _aAR-UNSa-BCEJYS
_bspa
_cAR-UNSa-BCEJYS
080 _a347.72
_xSociedades comerciales
245 1 0 _aSociedades irregulares y de hecho
020 _a978-950-14-0035-9
264 1 _aBuenos Aires :
_bEdiciones Depalma
_c1982
300 _axviii, 269 p.
_c23 cm.
041 _aspa
942 _cBK
590 _aniveau_biblio:m niveau_hierar:0
100 1 _aRomero, José Ignacio
999 _c7441
_d7441